000 00460nam a2200157 i 4500
001 21420
003 ES-MaACL
005 20230906152456.0
007 t|
008 021125s1966 sp ||||1| spa d
100 1 _aAlcaino, Alfredo Q.
_919448
245 1 0 _aTratado de otorrinolaringologĂ­a y otoneurologĂ­a /
_cAlfredo Q. Alcaino.
260 _aMadrid, etc. :
_bSalvat,
_c[1966]
300 _a543 p. :
_bil. ;
_c22 cm.
852 _aES-MaACL
_jC-30219
_bR.60622
999 _c21420
_d21420